Metodické využití pojmu architektura systému při reorganizaci podniku.

Pojem architektúra systému. Chápanie motívov architektúry. Implicitné nástroje metodiky projektovania reálnych systémov uplatňujúcich sa v začiatočných fázach projektu. Zobecnenie pojmu architektúra. Aplikácia danej problematiky na návrh štruktúry dopravného podniku. Doporučená architektúra štruktúr...

ver descrição completa

Na minha lista:
Detalhes bibliográficos
Autor principal: Maguire-Vyhnálek, E.
Outros Autores: Petr, Jan
Formato: Capítulo de Livro
Idioma:tcheco
Assuntos:
Tags: Adicionar Tag
Sem tags, seja o primeiro a adicionar uma tag!

MARC

LEADER 00000naa a2200000 4500
001 r003306
005 20221125080833.7
041 0 |a cze 
044 |a [CS] 
245 1 0 |a Metodické využití pojmu architektura systému při reorganizaci podniku.  |c E. Maguire-Vyhnálek, Jan Petr 
520 |a Pojem architektúra systému. Chápanie motívov architektúry. Implicitné nástroje metodiky projektovania reálnych systémov uplatňujúcich sa v začiatočných fázach projektu. Zobecnenie pojmu architektúra. Aplikácia danej problematiky na návrh štruktúry dopravného podniku. Doporučená architektúra štruktúry dopravného podniku. 
610 2 0 |a architektúra 
610 2 0 |a výstavba systémov informačných 
610 2 0 |a projektovanie 
610 2 0 |a štruktúra organizačná 
610 2 0 |a reorganizácia 
610 2 0 |a podnik dopravný 
100 1 |a Maguire-Vyhnálek, E. 
700 1 |a Petr, Jan